Memoria /
Uloženo v:
| Korporace: | , |
|---|---|
| Médium: | Text |
| Vydáno: |
Porto Alegre:
Universidade Federal do Estado do Rio Grande do Soul. Instituto de Filosofia e Ciências Humanas
|
| Témata: | |
| Tagy: |
Přidat tag
Žádné tagy, Buďte první, kdo vytvoří štítek k tomuto záznamu!
|
MARC
| LEADER | 00000 a a2200000 04500 | ||
|---|---|---|---|
| 001 | 32230 | ||
| 003 | |||
| 040 | |||
| 090 | |a 1001 C748c | ||
| 110 | |a Asociación Latinoamericana de Sociología | ||
| 245 | |a Memoria / |c Asociación Latinoamericana de Sociología | ||
| 260 | |a Porto Alegre: |b Universidade Federal do Estado do Rio Grande do Soul. Instituto de Filosofia e Ciências Humanas | ||
| 300 | |a 383 p. | ||
| 650 | |a CONFERENCIAS | ||
| 650 | |a SOCIOLOGIA | ||
| 650 | |a AMERICA LATINA | ||
| 710 | |a ALAS | ||
| 999 | |c 11443 |d 11443 | ||
